JR東日本 発車メロディー 汎用曲クイズ - Statistics

General Stats
  • This quiz has been taken 765 times
    757 since last reset
  • The average score is 45 of 123
Answer Stats
Answer % Correct
85%
Water Crown
77%
せせらぎ
76%
SF3(教会の見える駅)
69%
JR-SH1-1
67%
JR-SH2-1
66%
JR-SH1-3
65%
JR-SH2-3
65%
JR-SH3-1
65%
JR-SH4-1
65%
Verde Rayo
65%
JR-SH3-3
64%
JR-SH5-1
64%
JR-SH5-3
64%
JR-SH6-1
64%
JR-SH7-1
64%
JR-SH8-1
64%
SF1(遊園地のある駅)
63%
高原
61%
JR-SH8-3
61%
JR-SH9-3
60%
スプリングボックス
59%
Gota del Vient
59%
twilight
56%
SF4(海の駅)
55%
メロディー
53%
SF12(春NewVer)
53%
海岸通り
52%
小川のせせらぎ
51%
シンコペーション
49%
すすきの高原
48%
see you again
48%
木々の目覚め
47%
美しき丘
46%
mellow time
46%
airly
45%
遠い青空
44%
Cielo Estrellado
44%
春風
43%
線路の彼方
43%
コーラルリーフ
42%
新たな季節
42%
春待ち風
42%
陽だまり
41%
dance on
41%
あざみ野
39%
ホリデイ
39%
cappuccino
39%
キッズステーション
38%
ジュピター
38%
アマリリス
37%
ドリーム・パーク
37%
ムーンストーン
37%
花のほころび
37%
37%
夏色の時間
36%
恋の通勤列車
36%
farewell
36%
sunrise
36%
古いオルゴール
35%
浜千鳥
35%
牧場の朝
35%
瞬く街並み
35%
くるみあそび
34%
朝の静けさ
32%
秋桜
32%
SF10-60(チャイム)
32%
bellの響き
31%
SF22-14
31%
公園の楓
30%
幸福の銀レール
30%
星空の下
30%
SF10-43
30%
SF10-68
30%
スイートコール
29%
ナイスガイ!
29%
フラワーショップ
29%
九月の風
29%
sunny islands
29%
公園通り
28%
南風の行方
28%
楽々鉄道旅行
28%
海辺の散歩
28%
雪解け間近
28%
風と共に
28%
SF10-38
28%
朝つゆ
27%
花と空
27%
ML-24
27%
おはよう
26%
緑の車窓
26%
蝶々のように
26%
光と風と
25%
窓の花飾り
25%
SF10-31
25%
すみれの花咲く頃
24%
通勤ステップ
24%
ドリームタイム
23%
森の妖精
23%
淡い恋心
21%
トレイントレイン
19%
シーウインド
18%
ハッピーガール
18%
朝の教会
18%
青空と線路
18%
希望の朝
17%
幸せチャイム
17%
木もれ陽の散歩道
17%
朝のドヴィッシー
16%
高原のつぶやき
16%
田園浪漫
15%
パシフィック
14%
SF10-12(For tomorrow)
11%
きらきら星変奏曲
10%
9%
大都会の雑踏の中で聞こえるチャイム
8%
日本庭園の水と草木
8%
春の歌
8%
太平洋の海岸での生命の誕生
7%
楽興の時
7%
初夏の雪解けの小川のせせらぎ
6%
四季〜春〜第一楽章
6%
四季〜秋〜第三楽章
6%
No matching quizzes found
Score Distribution
Percent of People with Each Score
Percentile by Number Answered
Your Score History
You have not taken this quiz since the last reset